Statistics for NFL Passing Leaders of the 1990s

Click here to take the quiz!

General Stats

  • This quiz has been taken 106 times
  • The average score is 69 of 100

Answer Stats

YardsTeamPlayer% Correct
3,227GNBBrett Favre
100%
3,882GNBBrett Favre
100%
4,413GNBBrett Favre
100%
4,212GNBBrett Favre
100%
3,303GNBBrett Favre
100%
3,867GNBBrett Favre
100%
4,091GNBBrett Favre
100%
3,899GNBBrett Favre
100%
4,453MIADan Marino
98%
3,563MIADan Marino
98%
3,970MIADan Marino
98%
3,780MIADan Marino
98%
4,116MIADan Marino
98%
3,497MIADan Marino
98%
3,668MIADan Marino
98%
4,353STLKurt Warner
98%
3,328DENJohn Elway
97%
3,635DENJohn Elway
97%
4,030DENJohn Elway
97%
3,253DENJohn Elway
97%
3,970DENJohn Elway
97%
3,490DENJohn Elway
97%
3,526DENJohn Elway
97%
3,739INDPeyton Manning
97%
4,135INDPeyton Manning
97%
4,023SFOSteve Young
97%
3,969SFOSteve Young
97%
4,170SFOSteve Young
97%
3,465SFOSteve Young
97%
4,228MINWarren Moon
95%
3,485HOUWarren Moon
95%
4,264MINWarren Moon
95%
3,678SEAWarren Moon
95%
4,690HOUWarren Moon
95%
4,689HOUWarren Moon
95%
3,382BUFJim Kelly
94%
3,457BUFJim Kelly
94%
3,844BUFJim Kelly
94%
3,283KANJoe Montana
92%
3,944SFOJoe Montana
92%
3,100DALTroy Aikman
92%
3,445DALTroy Aikman
92%
3,283DALTroy Aikman
92%
3,126DALTroy Aikman
92%
3,985NWEDrew Bledsoe
91%
4,086NWEDrew Bledsoe
91%
3,633NWEDrew Bledsoe
91%
3,706NWEDrew Bledsoe
91%
4,555NWEDrew Bledsoe
91%
3,840OAKRich Gannon
86%
3,704MINRandall Cunningham
77%
3,466PHIRandall Cunningham
77%
3,421NYJBoomer Esiason
73%
3,031CINBoomer Esiason
73%
3,281JAXMark Brunell
70%
4,367JAXMark Brunell
70%
4,177BALVinny Testaverde
65%
3,256NYJVinny Testaverde
65%
3,228TENSteve McNair
56%
3,323RAMJim Everett
53%
3,855NORJim Everett
53%
3,438RAMJim Everett
53%
3,970NORJim Everett
53%
3,989RAMJim Everett
53%
3,441WASTrent Green
53%
4,143ATLJeff George
50%
3,917OAKJeff George
50%
3,734ATLJeff George
50%
3,164PHOSteve Beuerlein
48%
4,436CARSteve Beuerlein
48%
4,005WASBrad Johnson
47%
3,115KANDave Krieg
47%
3,194SEADave Krieg
47%
3,554ARIDave Krieg
47%
3,282WASMark Rypien
47%
3,564WASMark Rypien
47%
3,487CLEBernie Kosar
42%
3,389KANElvis Grbac
39%
3,737ARIJake Plummer
38%
3,208PITNeil O'Donnell
38%
2,917DETScott Mitchell
38%
4,338DETScott Mitchell
38%
3,484DETScott Mitchell
38%
3,121CHIJim Harbaugh
36%
3,346SEAJon Kitna
36%
3,171BUFDoug Flutie
30%
3,356SDGStan Humphries
29%
3,300NYJKen O'Brien
27%
3,444KANSteve DeBerg
27%
3,103ATLChris Miller
26%
3,838CHIErik Kramer
26%
3,822CINJeff Blake
23%
3,624CINJeff Blake
23%
3,287NORBobby Hebert
21%
3,152ATLBobby Hebert
21%
3,453WASGus Frerotte
21%
3,334RAIJeff Hostetler
20%
3,242RAIJeff Hostetler
20%
3,254STLTony Banks
11%
3,098PHOTimm Rosenbach
8%

Score Distribution

Percentile by Number Answered

Percent of People with Each Score

Your Score History

You have not taken this quiz